Personnages du Film Inglourious Basterds (Mort subite) - Statistiques

Statistiques générales
  • Ce quiz a été pris 47 fois
  • Le résultat moyen est 6 sur 10
Answers on the Grid
Answers color-coded by a green-red scale on the quiz's grid according to % correct below.
Aldo Raine
Hans Landa
Shosanna Dreyfus
Donny Donowitz
Bridget von Hammersmark
Hugo Stiglitz
Joseph Goebbels
Winston Churchill
Adolf Hitler
Perrier La Padite
Vincent Vega
Mia Wallace
O-Ren Ishii
Sofie Fatale
Ordell Robbie
Jackie Brown
Rick Dalton
King Schultz
Calvin J. Candie
Daisy Domergue
 
Statistiques - réponses
Réponse % Correct
Hans Landa
82%
Adolf Hitler
79%
Shosanna Dreyfus
76%
Aldo Raine
68%
Joseph Goebbels
68%
Bridget von Hammersmark
61%
Donny Donowitz
58%
Hugo Stiglitz
58%
Perrier La Padite
53%
Winston Churchill
29%
Aucun quiz correspondant
Distribution des résultats
% des personnes avec chaque résultat
Percentile par nombre de réponses
Votre historique - résultats
Vous n’avez pas pris ce quiz